000 00400nam a22001577a 4500
999 _c7009
_d7009
003 GBCCL
005 20241126110617.0
008 180705b ||||| |||| 00| 0 eng d
040 _cGBC
082 _a423
_bREA
245 _aReader's Digest Universal Dictionary
260 _aLondon:
_bReader's Digest,
_c1988.
300 _a1752p.
650 _aEnglish Language
_vDictionary
_912450
942 _2ddc
_cREF